| Tag |
First Indicator |
Second Indicator |
Subfields |
| LEADER |
00000cam a2200000 4500 |
| 001 |
in00003474009 |
| 005 |
20151206104358.0 |
| 008 |
910607s 00100 ENG c |
| 040 |
|
|
|d UtOrBLW
|
| 090 |
|
|
|a ML418.J6
|b M8
|
| 100 |
1 |
|
|a Moser, Andreas,
|d 1859-1925.
|
| 245 |
1 |
0 |
|a Joseph Joachim ;
|b Ein lebenbild.
|
| 264 |
|
1 |
|a Berlin :
|b Behr,
|c 1898.
|
| 300 |
|
|
|a 301 pages :
|b illustrations ;
|c 22 cm
|
| 336 |
|
|
|a text
|b txt
|2 rdacontent
|
| 337 |
|
|
|a unmediated
|b n
|2 rdamedia
|
| 338 |
|
|
|a volume
|b nc
|2 rdacarrier
|
| 541 |
|
|
|a Tuesday Musical Club ;
|c Gift ;
|d 1966.
|
| 500 |
|
|
|a Donated by the Tuesday Musical Club
|
| 600 |
1 |
0 |
|a Joachim, Joseph,
|d 1831-1907.
|
| 999 |
|
|
|a MARS
|
| 999 |
f |
f |
|s 2da4d692-7a43-3c2d-a6f9-28b9a4d8c841
|i 1216ad1f-5fd8-3a76-9c1e-6f40530d7d24
|t 0
|
| 952 |
f |
f |
|p ric
|a Texas A&M University
|b Rellis Campus
|c Joint Library Facility
|d Remote Storage
|t 0
|e ML418.J6 M8
|h Library of Congress classification
|i unmediated -- volume
|m 32060001614409
|
| 998 |
f |
f |
|a ML418.J6 M8
|t 0
|l Remote Storage
|